000 01151 a2200193 4500
001 22693
005 20260407155517.0
008 260407a1976 arg spa d
003 AR-UNSa-BCEJYS
040 _aAR-UNSa-BCEJYS
_bspa
_cAR-UNSa-BCEJYS
080 _a336.226.2
_xImpuestos sobre las propiedades (Impuestos de sellos)
245 1 0 _aImpuesto de sellos
_paspectos económicos y jurídicos
264 1 _aBuenos Aires :
_bCangallo
_c1976
300 _a307 p.
_c23 cm.
505 _a1. Naturaleza del gravamen - 2. Hecho imponible del impuesto - 3. Base de imposición - 4. Actos de contenido singular o plural - 5. Eficacia de la ley de sellos en el tiempo y en el esapcio - 6. Contratos entre ausentes - 7. Distintos supuestos del derecho obligacinal - 8. Operaciones con inmuebles - 9. Obligaciones accesorias - 10. Compraventa y cesión de derechos - 11. Pagos por subrogación - 12. Sociedades - 13. Otros instrumentos y operaciones - 14. Operaciones de bolsa, moentarias y cambiarias - 15. Exenciones - 16. Ilicitos fiscales - 17. Consulta fiscal.
942 _cBK
590 _aniveau_biblio:m niveau_hierar:0
100 1 _aDíaz, Vicente O.
999 _c1044
_d1044